Kvalita vody. STN 75 7539. EN ISO 14593 : Hodnotenie úplnej aeróbnej biodegradability organických látok vo vodnom prostredí. Metóda analýzy uvoľneného anorganického uhlíka v uzavretých nádobách (skúška CO2 headspace). Marec 2006

Uložené v:
Podrobná bibliografia
Médium: Kniha
Jazyk:Slovak
Vydavateľské údaje: Bratislava : Slovenský ústav technickej normalizácie, 2006
Predmet:
Tagy: Pridať tag
Žiadne tagy, Buďte prvý, kto otaguje tento záznam!

MARC

LEADER 00000nam a22000003a 4500
001 stu217187
005 20150408164246.9
008 101123s2006----xo------------------slo-d
040 |a STU  |b slo 
041 0 |a slo 
044 |a xo 
245 |a Kvalita vody. STN 75 7539. EN ISO 14593 :  |b Hodnotenie úplnej aeróbnej biodegradability organických látok vo vodnom prostredí. Metóda analýzy uvoľneného anorganického uhlíka v uzavretých nádobách (skúška CO2 headspace). Marec 2006 
260 |a Bratislava :  |b Slovenský ústav technickej normalizácie,  |c 2006 
300 |a 20 s 
650 7 |a kvalita vody  |2 stusub 
996 |b 284M078721  |c M*N-1408  |l MMKN  |s A  |a 24  |w stu217187_0001